| 000 | 00399nam a22001337a 4500 | ||
|---|---|---|---|
| 008 | 230815b |||||||| |||| 00| 0 eng d | ||
| 020 | _a978-0071628358 | ||
| 050 |
_aRM315 _b.C64 2015 |
||
| 100 | _aCohen, Henry | ||
| 245 |
_aCasebook in clinical pharmacokinetics and drug dosing _cHenry Cohen |
||
| 260 |
_aNew York _bMcGraw Hill Education Medical _c2015 |
||
| 300 | _axiii, 285p. | ||
| 942 |
_2lcc _cBK |
||
| 999 |
_c20230 _d20229 |
||